000 00740nam a2200253Ia 4500
003 OSt
005 20220925231548.0
006 a|||||r|||| 00| 0
007 ta
008 220923b |||||||| |||| 00| 0 eng d
020 _a0745635067
037 _cGeneral Book
040 _aRTL
_cRTL
_beng
041 _2eng
_aeng
082 _aY:6.73.P, P5
100 _aOFFE Claus
_9120197
245 0 _aReflection on America
_b Tocqueville, Weber and Adorono in the United States. Tr by Patrick Camiller
260 _aMaldan
_bPolity Press
_c2005
300 _avii,115p
_ccm.
500 _aBibliography P106-112
650 _aSociology
942 _hY:6.73.P, P5
_cGB
_2CC
999 _c588862
_d588862